|
|
|
|
| LEADER |
02221nam a2200553 a 4500 |
| 001 |
nkc20142568235 |
| 003 |
CZ PrNK |
| 005 |
20241119235006.0 |
| 007 |
ta |
| 008 |
140221s2014 xr af f 001 0 cze |
| 015 |
|
|
|a cnb002568235
|
| 020 |
|
|
|a 978-80-247-4578-7
|q (brož.)
|
| 035 |
|
|
|a (OCoLC)880868702
|
| 040 |
|
|
|a OLA001
|b cze
|
| 041 |
0 |
|
|a cze
|b cze
|b eng
|
| 072 |
|
7 |
|a 616
|x Patologie. Klinická medicína
|2 Konspekt
|9 14
|
| 080 |
|
|
|a 616-083.98
|2 MRF
|
| 080 |
|
|
|a 35.078.7
|2 MRF
|
| 080 |
|
|
|a 614.87
|2 MRF
|
| 080 |
|
|
|a 005.931
|2 MRF
|
| 080 |
|
|
|a 351.862
|2 MRF
|
| 080 |
|
|
|a (048.8:082)
|2 MRF
|
| 100 |
1 |
|
|a Štětina, Jiří,
|d 1941-
|7 xx0118970
|4 aut
|
| 245 |
1 |
0 |
|a Zdravotnictví a integrovaný záchranný systém při hromadných neštěstích a katastrofách /
|c Jiří Štětina a kolektiv
|
| 250 |
|
|
|a 1. vyd.
|
| 260 |
|
|
|a Praha :
|b Grada,
|c 2014
|
| 300 |
|
|
|a 557 s., [24] s. obr. příl. :
|b il. (převážně barev.) ;
|c 24 cm
|
| 504 |
|
|
|a Obsahuje bibliografie a rejstřík
|
| 546 |
|
|
|a České a anglické resumé
|
| 650 |
0 |
7 |
|a medicína katastrof
|7 ph122515
|2 czenas
|
| 650 |
0 |
7 |
|a integrovaný záchranný systém
|7 ph121133
|2 czenas
|
| 650 |
0 |
7 |
|a krizové situace
|7 ph121963
|2 czenas
|
| 650 |
0 |
7 |
|a krizový management
|7 ph121964
|2 czenas
|
| 650 |
0 |
7 |
|a civilní ochrana
|7 ph119252
|2 czenas
|
| 650 |
0 |
9 |
|a disaster medicine
|2 eczenas
|
| 650 |
0 |
9 |
|a integrated emergency management system
|2 eczenas
|
| 650 |
0 |
9 |
|a crisis situations
|2 eczenas
|
| 650 |
0 |
9 |
|a crisis management
|2 eczenas
|
| 650 |
0 |
9 |
|a civil defense
|2 eczenas
|
| 655 |
|
7 |
|a kolektivní monografie
|7 fd501537
|2 czenas
|
| 655 |
|
9 |
|a collective monographs
|2 eczenas
|
| 856 |
4 |
1 |
|u http://www.digitalniknihovna.cz/mzk/uuid/uuid:92e65250-8ae0-11ef-9295-5ef3fc9bb22f
|y Digitalizovaný dokument
|x NDK
|
| 910 |
2 |
|
|a BOA001
|b 2-1324.144
|
| 990 |
|
|
|a BK
|
| 995 |
|
|
|a 01
|
| 991 |
|
|
|b 201404
|c NOV
|e n
|
| 996 |
6 |
|
|b 2610587449
|c 2-1324.144
|l MZK
|r Sklad / do 1 hodiny
|n 14
|p p.v.
|w 001413440
|u 000010
|a 1
|e BOA001
|j MZK50
|s P
|
| 996 |
6 |
|
|b 2610602158
|c 2-1324.144
|l MZK
|r STM 6p
|n 0
|p kup
|h 616-08 ŠTĚ
|w 001413440
|u 000020
|a 0
|e BOA001
|j MZK50
|s P
|
| 996 |
7 |
|
|b 2610602159
|c 2-1324.144
|l Vol.výběr
|r VV 1p
|n 36
|p kup
|h 616-08 ŠTĚ
|w 001413440
|u 000030
|a 0
|e BOA001
|j MZK50
|s A
|